Predaj časti budovy - odpisy

Účtovanie predaja časti budovy, ktorá je oddelená geometrickým plánom.

Uložené v:
Podrobná bibliografia
Hlavný autor: Kubaščíková, Zuzana, 1982-
Médium: Kapitola
Jazyk:Slovak
Predmet:
Tagy: Pridať tag
Žiadne tagy, Buďte prvý, kto otaguje tento záznam!

MARC

LEADER 00000naa a2200000 4500
001 0172014
005 20240502072941.0
041 0 |a slo 
044 |a SK 
245 1 0 |a Predaj časti budovy - odpisy  |c Zuzana Kubaščíková 
520 |a Účtovanie predaja časti budovy, ktorá je oddelená geometrickým plánom. 
610 2 0 |a účtovníctvo 
610 2 0 |a účtovanie 
610 2 0 |a postupy účtovné 
610 2 0 |a hodnota reálna 
610 2 0 |a metódy účtovné 
610 2 0 |a majetok dlhodobý 
610 2 0 |a odpisy 
100 1 |a Kubaščíková, Zuzana, 1982-